Macroeconomía, género y estado / (Registro nro. 8363)

Detalles MARC
000 -LEADER
fixed length control field 02035nam a2200265Ia 4500
003 - CONTROL NUMBER IDENTIFIER
control field OSt
005 - DATE AND TIME OF LATEST TRANSACTION
control field 20210818123140.0
008 - FIXED-LENGTH DATA ELEMENTS--GENERAL INFORMATION
fixed length control field 210310s1998 ck ad gr 000 0 spa d
020 ## - INTERNATIONAL STANDARD BOOK NUMBER
International Standard Book Number 9586017907
040 ## - CATALOGING SOURCE
Original cataloging agency CO-JMCR
Transcribing agency CO-JMCR
041 0# - LANGUAGE CODE
Language code of text/sound track or separate title spa
082 04 - DEWEY DECIMAL CLASSIFICATION NUMBER
Classification number 339.986 /
Item number D419m
Edition number 23
110 2# - MAIN ENTRY--CORPORATE NAME
Corporate name or jurisdiction name as entry element Colombia.
Subordinate unit Departamento Nacional de Planeación
9 (RLIN) 39471
245 10 - TITLE STATEMENT
Title Macroeconomía, género y estado /
Statement of responsibility, etc. Departamento Nacional de Planeación
250 ## - EDITION STATEMENT
Edition statement Primera edición
260 ## - PUBLICATION, DISTRIBUTION, ETC.
Place of publication, distribution, etc. Bogotá :
Name of publisher, distributor, etc. Tercer Mundo,
Date of publication, distribution, etc. 1998
300 ## - PHYSICAL DESCRIPTION
Extent xix, 393 páginas :
Other physical details ilustraciones y gráficas a blanco y negro ;
Dimensions 23 cm.
500 ## - GENERAL NOTE
General note Incluye notas a pie de página.
504 ## - BIBLIOGRAPHY, ETC. NOTE
Bibliography, etc. note Bibliografía al final de cada capítulo.
505 0# - FORMATTED CONTENTS NOTE
Formatted contents note Macroeconomía y género -- Estado, políticas públicas y género
520 3# - SUMMARY, ETC.
Summary, etc. Los artículos que conforman este libro constituyen un aporte a la documentación de las transformaciones en las relaciones de género que resultan de los procesos de internacionalización de las relaciones económicas y de apertura y globalización en todos los órdenes. Responden al creciente interés por promover el análisis de las estrategias y políticas macroeconómicas en cuanto a las motivaciones y diferencias más relevantes entre mujeres y hombres. como agentes económicos, con papeles distintos y con intereses, necesidades y limitaciones diferentes. Muestran que los actuales procesos económicos tropiezan con la división sexual del trabajo, del ingreso y de las responsabilidades, permitiendo seña lar que las fuerzas del mercado y las relaciones de género se modifican mutuamente. En los estudios se abordan temas como el mercado laboral, la relación entre el trabajo productivo y el reproductivo, el Esta do y las políticas públicas, los sesgos de género institucionales y experiencias de inserción de enfoques de género instituciones nacionales e internacionales.
650 14 - SUBJECT ADDED ENTRY--TOPICAL TERM
Topical term or geographic name entry element Macroeconomía
9 (RLIN) 17054
Geographic subdivision Colombia
650 24 - SUBJECT ADDED ENTRY--TOPICAL TERM
Topical term or geographic name entry element Distribución del ingreso
Geographic subdivision Colombia
9 (RLIN) 39472
942 ## - ADDED ENTRY ELEMENTS (KOHA)
Source of classification or shelving scheme Dewey Decimal Classification
Koha item type Books
Existencias
Withdrawn status Lost status Source of classification or shelving scheme Damaged status Not for loan Collection code Home library Current library Date acquired Source of acquisition Full call number Barcode Date last seen Copy number Koha item type
    Dewey Decimal Classification     Non-fiction Biblioteca Pública José María del Castillo y Rada Biblioteca Pública José María del Castillo y Rada 04/15/2018 Donación 339.986 / D419m 430006278 01/29/2024 Ej.1 Books